000 00396nam a22001697a 4500
003 MACL
005 20151223135009.0
008 151223b xxu||||| |||| 00| 0 eng d
040 _cMACL
041 _aEnglish
082 _a823/KIP
100 _aRudyard Kipling
_919166
245 _aA Band Fraud
260 _aNew Delhi
_bKutub Publications
_c2010
650 _aStory
_922397
942 _2ddc
_cBK
999 _c51657
_d51657